In love with life : reflection on Friedrich Nietzsche's Thus Spake Zarathustra
| Main Author: | |
|---|---|
| Format: | Book |
| Published: |
New York :
Osho Media International ,
2014
|
| Subjects: |
MARC
| LEADER | 00000cam a2200000 7i4500 | ||
|---|---|---|---|
| 001 | 0000192607 | ||
| 005 | 20151007.0 | ||
| 020 | |a 9781938755965 | ||
| 090 | 0 | 0 | |a 193 |b OSH |
| 100 | 1 | |a Osho | |
| 245 | 1 | 0 | |a In love with life : |b reflection on Friedrich Nietzsche's Thus Spake Zarathustra |
| 260 | |a New York : |b Osho Media International , |c 2014 | ||
| 300 | |a 179p. ; |c 22cm. | ||
| 600 | 1 | 0 | |a Nietzshe, Friedrich Willhelm |y 1844-1900 |
| 650 | 0 | 0 | |a Spiritual life |
| 999 | |a 00311523 |b BUKU |c PINJAMAN |e PERPUSTAKAAN KOMUNITI PETALING JAYA | ||